|
|
|
|
| LEADER |
00983nam a22002297a 4500 |
| 001 |
30637 |
| 003 |
BD-DhAAL |
| 005 |
20241121114208.0 |
| 008 |
151129n bg ||||| |||| 00| 0 ben d |
| 040 |
|
|
|a BD-DhAAL
|c BD-DhAAL
|
| 082 |
|
|
|2 22
|a 362.1095492
|
| 245 |
|
|
|a ভালো গাছের ভালো ফল /
|
| 260 |
|
|
|a ঢাকা :
|b ব্র্যাক,
|
| 300 |
|
|
|a ৮ পৃষ্টা :
|b চিত্র ;
|c ২২ সে. মি.
|
| 490 |
|
|
|a মজার কিসসা ১
|
| 541 |
|
|
|a Complimentary copy from BRAC
|e 30637
|
| 650 |
|
|
|a Rural poor
|x Medical care
|z Bangladesh.
|9 16534
|
| 710 |
|
|
|a ব্র্যাক
|9 16535
|
| 852 |
|
|
|a Ayesha Abed Library
|
| 942 |
|
|
|2 ddc
|c BK
|
| 999 |
|
|
|c 36313
|d 36313
|
| 952 |
|
|
|0 0
|1 0
|2 ddc
|4 0
|6 362_109549200000000_VAL
|7 1
|9 57091
|a BRACUL
|b BRACUL
|c BRS
|d 2015-11-29
|e Complimentary copy from BRAC
|l 1
|o 362.1095492 VAL
|p 3010030637
|r 2025-12-30
|s 2025-03-23
|t 1
|w 2015-11-29
|y BK
|x Complimentary copy from BRAC; Price not available in register.
|